La vie est un sport (Registro nro. 306140)

Detalles MARC
000 -ENCABEZADO
Número de control [NR] 01360nam a2200265 4500
005 - FECHA Y HORA DE LA ÚLTIMA TRANSACCIÓN
control field 20170301101403.0
008 - DE LONGITUD FIJA DE DATOS DE ELEMENTOS - INFORMACIÓN GENERAL
Elementos de longitud fija [NR] 170301b1923 fr ||||fr|||| 001 j fre d
040 ## - FUENTE DE CATALOGACION [NR]
Agencia de catalogación original [NR] CO-BoUCM
Idioma de catalogación [NR] spa
Quien Cataloga Sandra Yazo
Quien Clasifica Sandra Yazo
041 0# - CODIGO DE IDIOMA [R]
Código de idioma para texto/pista de sonido o título separado [R] Francés
082 04 - NUMERO DE CLASIFICACION DECIMAL DEWEY [R]
Número de la edición [NR] 20
Número de clasificación [R] 843
092 ## - SIGNATURA TOPOGRAFICA LOCAL
Número de clasificación local E43N002
100 1# - ASIENTO PRINCIPAL--NOMBRE PERSONAL [NR]
Nombre personal [NR] Bordeaux, Henry
Fechas asociadas con el nombre [NR] 1870-1963
ID Autoridad 84405
242 03 - TRADUCCION DEL TITULO POR LA AGENCIA CATALOGADORA [R]
Título [NR] La vida es un deporte
Parte restante del título [NR] La ruta de Aníbal ; La noche blanca
Mención de responsabilidad, etc. [NR] Enrique Bordeaux
Código de idioma del título traducido [NR] spa
245 13 - MENCION DE TITULO [NR]
Título [NR] La vie est un sport
Parte restante del título [NR] Le chemin d’Annibal ; La nuit blanche
Mención de responsabilidad, etc. [NR] Henry Bordeaux
260 ## - PUBLICACION, DISTRIBUCION, ETC. (PIE DE IMPRENTA) [R]
Lugar de publicación, distribución, etc. [R] París (Francia)
Nombre del editor, distribuidor, etc. [R] Librairie Plon. Plon Nourrit et Cie. [Librería Plon. Plon –Nourrit y Compañía]
Fecha de publicación, distribución, etc. [R] 1923
300 ## - DESCRIPCION FISICA [R]
Extensión [R] 278 páginas
Dimensiones [R] 18 x 12 cm.
500 ## - NOTA GENERAL [R]
Nota general [NR] Detalles físicos: Encuadernación rígida (Holandesa) en cartón forrado en papel jaspeado. Lomo de tela texturizada con adornos en dorado. Guardas. Hoja de cortesía. Anteportada. Portada impresa en una sola tinta. Marca tipográfica de la Editorial Plon. Texto impreso en una sola columna. Residuos de cinta pegante en el lomo. Papel con oxidación
506 ## - NOTA DE RESTRICCIONES DE ACCESO [R]
Condiciones de acceso [NR] Consulta en sala
520 ## - NOTA DE RESUMEN, ETC. [R]
Nota de sumario, etc. [NR] Tres relatos cortos de Henry Bordeaux
546 ## - NOTA DE IDIOMA [R]
Nota de idioma [NR] Texto en francés
650 #7 - ASIENTO SECUNDARIO DE MATERIA - TERMINO TEMATICO [R]
9 (RLIN) 7794
Término temático o nombre geográfico como elemento de entrada [NR] Literatura francesa
Subdivisión general [R] Relatos
650 #7 - ASIENTO SECUNDARIO DE MATERIA - TERMINO TEMATICO [R]
9 (RLIN) 7794
Término temático o nombre geográfico como elemento de entrada [NR] Literatura francesa
Subdivisión cronológica [R] Siglo XX
690 ## - ASUNTO AGREGADO LOCAL DE ENTRADA - TÉRMINO TEMÁTICO (OCLC, RLIN)
Acceso temático local Literatura europea
9 (RLIN) 26524
942 ## - ELEMENTOS DE ENTRADA AGREGADOS (KOHA)
Sistema de clasificación LOCAL
Tipo de ítem principal el descrito en 300a Libro
Edición 1
Clasificación E43N002
Existencias
Suprimido Perdido Sistema de clasificación Dañado No prestable Tipo de ítem específico Ubicación habitual Ubicación actual Localización Fecha de creación Forma de adquisición Costo Total préstamos Signatura topográfica Código de barras Última vez visto Ejemplar Price effective from Tipo de ítem
    LOCAL     Libro archivo Archivo Histórico Archivo Histórico Archivo histórico 01/03/2017 Donación 0.00   E43N002 L006201 01/03/2017 Ej.1 01/03/2017 Libro